Plan de mantenimiento del departamento de Energía del Ingenio Monte Rosa
Presenta un plan de mantenimiento que garantice el buen funcionamiento de los motores eléctricos y reduzca la duración número de las averías. Describe documento que contiene los diferentes procedimientos involucrados en la actividad de mantenimiento de los motores eléctricos estables indicadore...
| Main Authors: | , |
|---|---|
| Other Authors: | |
| Format: | Tesis Section = Libro |
| Language: | Undetermined Spanish |
| Published: |
Managua
UNI
2004
|
| Subjects: |
| LEADER | 01404nam a2200265Ia 4500 | ||
|---|---|---|---|
| 008 | 240830s9999 xx 000 0 und d | ||
| 040 | |a BIBLIOTECA-RUSB/ Mon 621.3 P312 | ||
| 041 | |a spa | ||
| 082 | |a Mon 621.3 P312 | ||
| 100 | 1 | |a Pastora Barrera, Amílcar Octavio | |
| 100 | 1 | |b Páez Román, Carlos Miguel | |
| 245 | 1 | 0 | |a Plan de mantenimiento del departamento de Energía del Ingenio Monte Rosa |
| 260 | |a Managua |b UNI |c 2004 | ||
| 300 | |a 161 p. :il. | ||
| 500 | |a Contiene: anexos. | ||
| 502 | |a Tesis (Ingeniero Eléctrico) - UNI, 2004. | ||
| 520 | 3 | |a Presenta un plan de mantenimiento que garantice el buen funcionamiento de los motores eléctricos y reduzca la duración número de las averías. Describe documento que contiene los diferentes procedimientos involucrados en la actividad de mantenimiento de los motores eléctricos estables indicadores de mantenimiento a implementar. Estructura las diferentes gamas (formatos) a utilizar en mantenimiento define las actividades de mantenimiento a realizar según el régimen de explotación. | |
| 650 | 7 | |a INGENIERIA ELECTRICA - MANTENIMIENTO - INGENIO MONTE ROSA | |
| 650 | 7 | |b PROCEDIMIENTO DE MANTENIMIENTO | |
| 650 | 7 | |c GESTION DE MANTENIMIENTO - INGENIO MONTE ROSA | |
| 650 | 7 | |d SEGURIDAD INDUSTRIAL RIESGOS ELÉCTRICOS | |
| 700 | 1 | |a Tutor: |b Rosales Robles, Carlos José | |
| 942 | |c BK |2 ddc | ||
| 991 | |a TESIS | ||
| 999 | |c 20070 | ||